Responses for Show #3347 - Tuesday, March 9, 1999

Contestants

[<< previous game]

Randy Boudreaux, an attorney from New Orleans, Louisiana

Catherine Arnold, a Ph.D. student from Chapel Hill, North Carolina

Dave Hampton, a student from Cambridge, Massachusetts (whose 1-day cash winnings total $7,300)

[next game >>]

Jeopardy! Round responses

NOVELIST-PLAYWRIGHTS
COLORFUL NAMES
WHICH CAME FIRST?
A MASQUE OF MASKS
2-LETTER SPELLING
(Alex: And yes, you do have to spell the correct response.)
REIGNING CATS & DOGS
    $100 1
(Catherine: Who is Eugene O'Neill?)

Tennessee Williams

Catherine
Triple Stumper
    $100 6
Scarlett O'Hara

Randy
    $100 11
Hogan's Heroes (1965)

Randy
    $100 12
[A man wearing one with a skunk approaching was shown.]

a gas mask

Randy
    $100 21
A-X

Randy
    $100 26
kittens

Randy
    $200 2
Vladimir Nabokov

Dave
    $600 7
Murphy Brown

Randy
    $200 17
(Catherine: What is the Mustang?)

Chevy Corvette (1953)

DaveCatherine
    $200 13
a ski mask

Dave
    $200 22
I-D

Randy
    $200 27
(Randy: What is golden?)

Labradors

CatherineRandy
    $300 3
Thornton Wilder

Dave
    $300 8
Linda Gray

Randy
    $300 18
Mozart's 41st

Dave
    $300 14
a goalie mask (or a hockey mask)

Dave
    $300 23
(Catherine: What is D-A?)

J-A

DaveCatherine
    $300 28
Saint Bernard

Dave
    $400 4
John Steinbeck

Dave
    $400 9
Pink Flamingos

Randy
    $400 19
Jacques Cartier

Triple Stumper
    $400 15
Mardi Gras

Randy
    $400 24
B-E

Dave
    $400 29
(Randy: What is 66?)

46

CatherineRandy
    $500 5
William Faulkner

Randy
    $500 10
"White Room"

Dave
    $500 20
"The Blue Room" (all by Pablo Picasso)

Dave
    $500 16
[King Tut's burial mask as shown.]

the 1920s

Randy
    $500 25
H-I

Triple Stumper
    $500 30
a Yorkshire terrier

Randy

Scores at the first commercial break (after clue 16):

Dave Catherine Randy
$1,900 -$100 $3,000

Scores at the end of the Jeopardy! Round:

Dave Catherine Randy
$3,900 $0 $3,300

Double Jeopardy! Round responses

B.C. TIMES
POLITICS
CROSSWORD CLUES "F"
GHASTLY OPERATIC DEMISES
ANY PORT
IN A STORM MOVIE
    $200 15
a fleece

Dave
    $200 4
Douglas MacArthur

Randy
    $200 1
flattery

Triple Stumper
    $200 7
the witch

Dave
    $200 3
Caracas

Randy
    $200 20
The Wizard of Oz

Dave
    $400 16
Hemlock

Randy
    $400 5
Texas

Dave
    $400 2
Foggy

Triple Stumper
    $400 8
William Tell

Randy
    $400 11
Kenya

Randy
    $400 21
Frankenstein

Randy
    $600 17
(Randy: Who was Ramses?)

Solomon

Randy
Triple Stumper
    $600 6
Green Party

Dave
    $600 28
fangs

Triple Stumper
    $600 25
(Alex: Less than a minute to go.)

John the Baptist

Dave
    $2,000 12
(Randy: What is Liverpool?)

Southampton

Randy
    $600 22
Cape Fear

Dave
    $800 18
(Dave: Who was Nebuchadnezzar?)

Hammurabi

Dave
Triple Stumper
    $800 9
Susan Molinari

Randy
    $800 29
(Randy: What is Florenze?)

Firenze

CatherineRandy
    $800 26
Tosca

Triple Stumper
    $800 13
Yugoslavia

Randy
    $800 23
Key Largo

Randy
    $2,000 19
(Randy: Who was Solon?)

Draco

Randy
    $1000 10
Bob Mathias

Triple Stumper
    $1000 30
farce

Triple Stumper
    $1000 27
Gotterdammerung (Twilight of the Gods)

Triple Stumper
    $1000 14
Vladivostok

Triple Stumper
    $1000 24
The Gold Rush

Dave

Scores at the end of the Double Jeopardy! Round:

Dave Catherine Randy
$6,900 $800 $2,300
(lock game)

[wagering suggestions for these scores]

Final Jeopardy! Round responses

20th CENTURY AMERICANS
(Alex: Adela was hired by Hearst as a reporter.)
CatherineWho is Hearst?
$800
RandyWho is Hearst?
$500
DaveWho is William R. Hearst
$2,200
William Randolph Hearst

Final scores:

Dave Catherine Randy
$9,100 $1,600 $2,800
2-day champion: $16,400 3rd place: Jaguar Friendship Collection Watches 2nd place: Trip to St. James's Club, Antigua

Game dynamics:

Coryat scores:

Dave Catherine Randy
$6,900 $800 $5,900
20 R,
1 W
3 R,
3 W
22 R
(including 1 DD),
6 W
(including 2 DDs)

Combined Coryat: $13,600

[game clues] [game scores] [suggest correction]

Game tape date: Unknown
The J! Archive is created by fans, for fans. Scraping, republication, monetization, and malicious use prohibited; this site may use cookies and collect identifying information. See terms. The Jeopardy! game show and all elements thereof, including but not limited to copyright and trademark thereto, are the property of Jeopardy Productions, Inc. and are protected under law. This website is not affiliated with, sponsored by, or operated by Jeopardy Productions, Inc. Join the discussion at JBoard.tv.